| 000 | 00766nam a2200217 a 4500 | ||
|---|---|---|---|
| 001 | BRCA_893 | ||
| 005 | 20190320203209.0 | ||
| 008 | 311005s1991----us-a---###---#000-0#eng-d | ||
| 020 | _a1555217109 | ||
| 050 | 4 |
_aNK7112.5 _b.L36 1991 |
|
| 100 | 1 |
_aLangford, Joel _92972 |
|
| 245 | 1 | 0 |
_aSilver _bA Practical Guide to Collecting Silverware and Identifying Hallmarks _cJoel Langford. |
| 260 |
_aSingapur _bChartwell Books Inc. _c1991 |
||
| 300 |
_a128 p. _bil. a color _c29 cm. |
||
| 500 | _aIncluye índice alfabético y glosario | ||
| 504 | _aBibliografía : p. 128 | ||
| 650 | 1 | 4 |
_aPlata _vGuías _xColeccionistas y colecciones _y1700-1930 _92973 |
| 650 | 1 | 4 |
_aPlatería _vGuías _xColeccionistas y colecciones _92974 |
| 650 | 1 | 4 |
_aPlatería _xHistoria _92975 |
| 942 |
_2lcc _cB |
||
| 999 |
_c787 _d787 |
||